La psicología de las profundidades / (Record no. 176806)

MARC details
000 -LEADER
campo de control de longitud fija 00816nam a22002415i 4500
001 - NÚMERO DE CONTROL
campo de control 176806
003 - IDENTIFICADOR DE NÚMERO DE CONTROL
campo de control ES-MaACL
005 - FECHA Y HORA DE LA ÚLTIMA TRANSACCIÓN
campo de control 20230906220203.0
008 - DATOS DE LONGITUD FIJA--INFORMACIÓN GENERAL
campo de control de longitud fija 110211s1971 sp ao |||| | spa d
080 ## - NÚMERO DE LA CLASIFICACIÓN DECIMAL UNIVERSAL
Número de la Clasificación Decimal Universal 159.964
100 1# - ENTRADA PRINCIPAL--NOMBRE DE PERSONA
Nombre de persona Becker, Raymond de.
9 (RLIN) 26951
245 13 - MENCIÓN DEL TÍTULO
Título La psicología de las profundidades /
Mención de responsabilidad, etc. [Raymond de Becker ; traducción de Antonio Ribera].
250 ## - MENCION DE EDICION
Mención de edición 1ª ed.
260 ## - PUBLICACIÓN, DISTRIBUCIÓN, ETC.
Lugar de publicación, distribución, etc. Esplugas de Llobregat (Barcelona) :
Nombre del editor, distribuidor, etc. Plaza & Janés,
Fecha de publicación, distribución, etc. 1971.
300 ## - DESCRIPCIÓN FÍSICA
Extensión 255 p. :
Otras características físicas il. bl. y n. ;
Dimensiones 18 cm.
490 1# - MENCIÓN DE SERIE
Mención de serie Enciclopedia Horizonte ;
Designación de volumen o secuencia 17
504 ## - NOTA DE BIBLIOGRAFÍA, ETC.
Nota de bibliografía, etc. Bibliografía: p. 252-255.
650 04 - PUNTO DE ACCESO ADICIONAL DE MATERIA--TÉRMINO DE MATERIA
Término de materia o nombre geográfico como elemento de entrada Psicoanálisis-
Subdivisión general Historia.
9 (RLIN) 143574
700 0# - ENTRADA AGREGADA--NOMBRE PERSONAL
Nombre de persona Ribera, Antonio.
9 (RLIN) 96769
830 0# - PUNTO DE ACCESO ADICIONAL DE SERIE-TÍTULO UNIFORME
Título uniforme Enciclopedia Horizonte ;
Designación de volumen o secuencia 17
9 (RLIN) 190248
852 ## - LOCALIZACIÓN
Ubicación ES-MaACL
Número de control de estantería E-14286
Encuadernación Olim P-1404
Holdings
Estatus retirado Estado de pérdida Estado de daño No para préstamo Biblioteca de origen Biblioteca actual Ubicación en estantería Fecha de adquisición Fuente de adquisición Total de préstamos Signatura topográfica completa Código de barras Visto por última vez Precio de reemplazo Tipo de ítem Koha
        Biblioteca del Ateneo de Madrid Biblioteca del Ateneo de Madrid Depósito 2 11/02/2011     E-14286 1185698 23/02/2023 23/02/2023 Libro impreso